ARRUPE JESUIT UNIVERSITY

CORONAVIRUS -STOP THE SPREAD - CLEAN,DISINFECT,COVER

The nationalization of the masses : (Record no. 127968)

MARC details
000 -LEADER
fixed length control field 01275cam a2200313 a 4500
001 - CONTROL NUMBER
control field 12583975
003 - CONTROL NUMBER IDENTIFIER
control field ARRUPE
005 - DATE AND TIME OF LATEST TRANSACTION
control field 20180424145000.0
008 - FIXED-LENGTH DATA ELEMENTS--GENERAL INFORMATION
fixed length control field 011107s2001 nyua b 001 0 eng
010 ## - LIBRARY OF CONGRESS CONTROL NUMBER
LC control number 2001278777
020 ## - INTERNATIONAL STANDARD BOOK NUMBER
International Standard Book Number 0865274312 (pbk. : alk. paper)
040 ## - CATALOGING SOURCE
Original cataloging agency DLC
Transcribing agency DLC
043 ## - GEOGRAPHIC AREA CODE
Geographic area code e-gx---
050 00 - LIBRARY OF CONGRESS CALL NUMBER
Classification number DD76
Item number .M65 2001
300 ## - PHYSICAL DESCRIPTION
Other physical details ill. ;
Dimensions 22 cm.
100 1# - MAIN ENTRY--PERSONAL NAME
Personal name Mosse, George L.
Fuller form of name (George Lachmann),
Dates associated with a name 1918-
9 (RLIN) 41608
245 14 - TITLE STATEMENT
Title The nationalization of the masses :
Remainder of title political symbolism and mass movements in Germany from the Napoleonic wars through the Third Reich /
Statement of responsibility, etc George L. Mosse.
260 ## - PUBLICATION, DISTRIBUTION, ETC. (IMPRINT)
Place of publication, distribution, etc New York :
Name of publisher, distributor, etc Howard. Fertig,
Date of publication, distribution, etc 2001.
300 ## - PHYSICAL DESCRIPTION
Extent 252 p. :
490 0# - SERIES STATEMENT
Series statement Cornell paperbacks
500 ## - GENERAL NOTE
General note Originally published: New York : H. Fertig, 1975.
504 ## - BIBLIOGRAPHY, ETC. NOTE
Bibliography, etc Includes bibliographical references (p. [219]-246) and index.
650 #0 - SUBJECT ADDED ENTRY--TOPICAL TERM
Topical term or geographic name as entry element Nationalism
Geographic subdivision Germany
General subdivision History.
9 (RLIN) 41609
650 #0 - SUBJECT ADDED ENTRY--TOPICAL TERM
Topical term or geographic name as entry element Mass society.
9 (RLIN) 38196
650 #0 - SUBJECT ADDED ENTRY--TOPICAL TERM
Topical term or geographic name as entry element National characteristics, German.
9 (RLIN) 41610
651 #0 - SUBJECT ADDED ENTRY--GEOGRAPHIC NAME
Geographic name Germany
General subdivision Politics and government
Chronological subdivision 1789-1900.
9 (RLIN) 41611
651 #0 - SUBJECT ADDED ENTRY--GEOGRAPHIC NAME
Geographic name Germany
General subdivision Politics and government
Chronological subdivision 20th century.
9 (RLIN) 41612
906 ## - LOCAL DATA ELEMENT F, LDF (RLIN)
a 7
b cbc
c origcop
d 2
e ncip
f 20
g y-gencatlg
942 ## - ADDED ENTRY ELEMENTS (KOHA)
Source of classification or shelving scheme Library of Congress Classification
Koha item type Monograph ( Printed materials)
Holdings
Withdrawn status Lost status Source of classification or shelving scheme Damaged status Not for loan Collection code Home library Current library Shelving location Date acquired Total Checkouts Full call number Barcode Date last seen Price effective from Koha item type
    Library of Congress Classification     Main Collection ARRUPE LIBRARY ARRUPE LIBRARY Main Collection 24/04/2018   DD76 .M65 2001 46600001592 24/04/2018 24/04/2018 Monograph ( Printed materials)

 

Arrupe Library. PO Box MP320 Mt Pleasant, Harare, Zimbabwe
263 242 745411|librarian@aju.ac.zw